ՀՀ Գիտությունների ազգային ակադեմիայի հիմնարար գիտական գրադարան  =   Fundamental Scientific Library of NAS RA

Կրօն : (Record no. 534628)

MARC details
000 -LEADER
fixed length control field 00647nam a2200193 a 4500
001 - CONTROL NUMBER
control field 000467875
003 - CONTROL NUMBER IDENTIFIER
control field AM-YEHGA
005 - DATE AND TIME OF LATEST TRANSACTION
control field 20260112142129.0
008 - FIXED-LENGTH DATA ELEMENTS--GENERAL INFORMATION
fixed length control field 051208m1955 le 000 | arm d
040 ## - CATALOGING SOURCE
Original cataloging agency AM-YEHGA
041 0# - LANGUAGE CODE
Language code of text/sound track or separate title arm
245 00 - TITLE STATEMENT
Title Կրօն :
Remainder of title [Դասագիրք].
260 ## - PUBLICATION, DISTRIBUTION, ETC.
Place of publication, distribution, etc. Պէյրութ :
Name of publisher, distributor, etc. Հայ ազգ. Սահակեան բարձր. վարժ-ի հրատ.,
Date of publication, distribution, etc. 1955-
300 ## - PHYSICAL DESCRIPTION
Extent դասարան ;
Dimensions 20 սմ.
500 ## - GENERAL NOTE
General note Ձեռագիր
505 10 - FORMATTED CONTENTS NOTE
Miscellaneous information Դասարան Ա. (1955, 31 էջ)
-- Դասարան Բ. (1955, 32 էջ)
-- Դասարան Ե. (1956, 32 էջ)
650 14 - SUBJECT ADDED ENTRY--TOPICAL TERM
Topical term or geographic name entry element Կրոն
Form subdivision Դասագիրք
942 ## - ADDED ENTRY ELEMENTS (KOHA)
Source of classification or shelving scheme Universal Decimal Classification
Koha item type Գրքեր / Books
Holdings
Withdrawn status Lost status Damaged status Not for loan Collection Home library Current library Date acquired Serial enumeration / chronology Total checkouts Full call number Barcode Date last seen Price effective from Koha item type Public note Source of classification or shelving scheme
        Zhamkochyan Individual collection Fundamental Scientific Library Fundamental Scientific Library 05/05/2025 Դասարան Ա   Ժամ/466 FL0690298 05/05/2025 05/05/2025 Գրքեր / Books ILL Non-Circ.  
        Zhamkochyan Individual collection Fundamental Scientific Library Fundamental Scientific Library 05/05/2025 Դասարան Ա   Ժամ/465 FL0690297 05/05/2025 05/05/2025 Գրքեր / Books ILL Non-Circ.  
        Zhamkochyan Individual collection Fundamental Scientific Library Fundamental Scientific Library 05/05/2025 Դասարան Բ   Ժամ/467 FL0690296 05/05/2025 05/05/2025 Գրքեր / Books ILL Non-Circ. Universal Decimal Classification
        Zhamkochyan Individual collection Fundamental Scientific Library Fundamental Scientific Library 05/05/2025 Դասարան Ե   Ժամ/468 FL0690295 05/05/2025 05/05/2025 Գրքեր / Books ILL Non-Circ.  
        Zhamkochyan Individual collection Fundamental Scientific Library Fundamental Scientific Library 05/05/2025 Դասարան Ե   Ժամ/469 FL0690294 05/05/2025 05/05/2025 Գրքեր / Books ILL Non-Circ.  
        Zhamkochyan Individual collection Fundamental Scientific Library Fundamental Scientific Library 15/09/2025 Դասարան Ա   Ժամ/1601 FL0694137 15/09/2025 08/10/2025 Գրքեր / Books ILL Non-Circ.  


ՀՀ ԳԱԱ հիմնարար գիտական գրադարան
ՀՀ,Երևան 0019
Մարշալ Բաղրամյան 24/6
հեռախոս:(374-10) 52-47-50
Հետադարձ կապ

All site content, except where otherwise noted, is licensed under a
Creative Commons License